| 000 | 00613nam a2200193Ii 4500 | ||
|---|---|---|---|
| 003 | JO-AjNU | ||
| 008 | 230606s9999||||xx |||||||||||||| ||und|| | ||
| 040 |
_aJO-AjNU _beng _erda _cJO-AjNU |
||
| 041 | _aeng | ||
| 050 | 1 | 4 | _aT58.5 2000 |
| 100 | 3 |
_auniversity qater , _eauthor _95040 |
|
| 245 | 0 | 4 | _athe proceedings of the 2002 international arab conference Vol.2 |
| 264 | 3 | 1 | _auniversity qater ,2000 |
| 300 | _aVol.1, 1058p | ||
| 336 |
_atext _btxt _2rdacontent |
||
| 337 |
_aunmediated _bn _2rdamedia |
||
| 338 |
_avolume _bnc _2rdacarrier |
||
| 650 | 4 |
_aThe 2000 arab conference on information technology _95041 |
|
| 999 |
_aE2607 _c2605 _d2605 |
||